00576nam a2200157 a 450000100100000000500170001000800410002704000250006808200080009324500500010126000810015130000210023270000400025395201080029399900170040100003980820201002033739.0130722s1989 cu 000 0 spa d aDO-SdBNPbspacBNPHU axxx00aAndres Bello /ceditor Manuel Gayol Mecías. aCuba :bCentro de Investigaciones Literarias, Casa de las Américas,c1989. a848 p. ;c21 cm.1 aGayol Mecías, Manuel,eed.966004 001050718MOaGRbGRcCTd2013-07-22iLF1l0oxxx p39808-10r2020-06-25w2020-06-25y1ZNo se presta c39298d39298